Czeskie miasta - nagła śmierć - Statystyki

Ogólne statystyki
  • Ten quiz został rozwiązany 272 razy
  • Średni wynik to 9 z 12
Answers on the Grid
Answers color-coded by a green-red scale on the quiz's grid according to % correct below.
Wiedeń
Praga
Liberec
Ankara
Sofia
Bukareszt
Pilzno
Ostrawa
Kijów
Ołomuniec
Maribor
Brno
Celje
Hradec Kralove
Zgorzelec
Zlin
Pardubice
Bratysława
Lublana
Cieplice
Trenczyn
Salzburg
Dijon
Karwina
Lwów
Odessa
Třebíč
Bruksela
 
Statystyki odpowiedzi
Odpowiedź % Poprawnych
Praga
97%
Ostrawa
88%
Pilzno
86%
Liberec
83%
Ołomuniec
83%
Hradec Kralove
82%
Brno
73%
Pardubice
72%
Třebíč
56%
Zlin
54%
Cieplice
51%
Karwina
46%
Nie znaleziono quizów pasujących do podanych kryteriów
Rozkład punktacji
Procent ludzi z każdym wynikiem
Percentyl według liczby udzielonych odpowiedzi
Twoja historia wyników
Nie rozwiązałeś tego quizu